| 000 | 00972nam a2200217Ia 4500 | ||
|---|---|---|---|
| 999 |
_c56167 _d56167 |
||
| 001 | 23268 | ||
| 003 | GE_BSU | ||
| 005 | 20251201200051.0 | ||
| 008 | 181216s1958||||ge |||||||||||||| ||geo|| | ||
| 040 | _cGE_BSU | ||
| 041 | _ageo | ||
| 080 | _a94(3)(082)(075.8) გ-65 | ||
| 100 |
_aგოზალიშვილი, გ. _926319 |
||
| 245 |
_aძველი ისტორიის ქრესტომათია : _b [უმაღლესი სასწავლებლებისათვის]. [ტომი] 2 / _cგ. გოზალიშვილი ; რედაქტორი ნ. ლომოური. |
||
| 264 |
_aთბილისი : _bთბილ. უნ-ტის გამ-ბა, _c1958. |
||
| 300 |
_a348 გვ. ; _c23 სმ. |
||
| 541 | _h3ლ. 20თ. | ||
| 653 | _aძველი მსოფლიოს ისტორია | ||
| 700 |
_aლომოური, ნ. _eრედაქტორი _926320 |
||
| 942 |
_cBK _2udc |
||